000 00738nam a2200241 a 4500
001 490
003 BR-CuiBMT
005 20231107231837.0
008 231107s2003 spb 000 0 por d
020 _a8520324355
040 _aBR-CuiBMT
_cBR-CuiBMT
080 _22007
_a34:336.2
090 _a34:336.2
_bT693d
100 1 _aTôrres, Heleno
_qTorres, Heleno Taveira
245 _aDireito tributário e direito privado :
_bautonomia privada, simulação, elusão tributária /
_cHeleno Tôrres.
260 _aSão Paulo :
_bRevista dos tribunais,
_c2003.
300 _a510 p.:
_c23 cm
504 _aInclui bibliografia.
650 _aDireito tributário
650 _aDireito privado
650 _aElusão tributária
942 _2udc
_cLV
999 _c490
_d490